| 000 | 00698cab a22001935a 4500 | ||
|---|---|---|---|
| 001 | L136976 | ||
| 008 | 070307e2007 xxk 000 0 eng d | ||
| 035 | _a(Sirsi) u136976 | ||
| 041 | _aeng | ||
| 100 | 1 | _aDye, Patrick | |
| 245 | 0 | 0 |
_aCDM 2007 _ban FM's perspective |
| 260 | _c2007 | ||
| 490 | 0 |
_aWorkplacelaw _v(25) March 2007, 14-17(4) |
|
| 520 | _aDiscusses the need for designers to consider the ultimate life of a building, and the effects such practices could have on facilities management. Discusses the impact facilities management can have in ensuring a project?s success. | ||
| 590 | _aKA | ||
| 651 | 4 |
_aUnited Kingdom _y |
|
| 690 | _aMANAGEMENT-FACILITIES MANAGEMENT | ||
| 942 | _n0 | ||
| 999 |
_c78514 _d78514 |
||